Corre, corre cabacinha (Registo nº 3671)

Detalhes MARC
000 -Etiqueta do registo
Cabeçalho 00769nam a2200265 4500
005 - Identificador da versão
Campo de controlo 20240813122039.0
095 ## -
-- PTBN00391448
010 ## - Número internacional normalizado dos livros (ISBN)
Número (ISBN) 9722106945
021 ## - Número do Depósito Legal
Código do país PT
Número 49979/91
100 ## - Dados gerais de processamento
Dados gerais de processamento 19920820d1991 c y0pory5003 ba
102 ## - Pais de publicação ou produção
País de publicação Portugal
101 0# - Língua de publicação
Língua do texto, banda sonora, etc. Português
215 ## - Descrição física 
Indicação específica da natureza do documento e extensão da espécie 14, [2] p.
Outras indicações físicas muito il.
Dimensões 22 cm
200 1# - Titulo e menção de responsabilidade
Título próprio Corre, corre cabacinha
Primeira menção de responsabilidade Alice Vieira
Outras menções de responsabilidade il. José Miguel Ribeiro
225 1# - Colecção 
Título próprio da colecção Histórias tradicionais portuguesas
210 ## - Publicação, Distribuição, etc. 
Lugar da edição, distribuição, etc. Lisboa
Nome do editor, distribuidor, etc. Caminho
Data da publicação, distribuição, etc. 1991
606 ## - Nome comum usado como assunto
Número de registo de entrada de autoridade 0000001
Palavra de ordem Literatura portuguesa
Subdivisão de assunto Conto|2CA
675 ## - Classificação Decimal Universal (CDU)
Notação 821.134.3-34
Edição 3ª ed.
Língua da edição por
702 #1 - Nome de autor-pessoa física (responsabilidade secundária)
Número de registo de entrada de autoridade 0000022
Palavra de ordem Ribeiro
Outra parte do nome não tomada para palavra de ordem José Miguel
Código de função Ilustrador / Técnico de desenho computorizado
700 #1 - Nome de autor-pessoa física (responsabilidade principal)
Número de registo de entrada de autoridade 0000018
Palavra de ordem Vieira
Outra parte do nome não tomada para palavra de ordem Alice
Datas 1943-
942 ## - Elementos de entrada adicionados (Koha)
Tipo de item no Koha Livro
Exemplares
Situação do levantamento Origin of item (home branch) (coded) Biblioteca de empréstimo Código de barras Cota Circulation type (not for loan) Tipo de documento Nota do exemplar Damaged status
  Biblioteca Escolar das Vendas Biblioteca Escolar das Vendas BEV545 8 POR VIE   Livro Sem mensagem